[Event "Rottach Egern Seniors Cup 11th"]
[Site "Rottach Egern"]
[Date "2023.04.17"]
[Round "3"]
[White "Schnell, Franz"]
[Black "Walter, Rainer"]
[Result "0-1"]
[WhiteElo "1697"]
[BlackElo "2051"]
[PlyCount "102"]
[EventDate "2023.04.15"]
[EventType "swiss"]
[EventRounds "9"]
[EventCountry "GER"]
[SourceTitle "EXT 2024"]
[Source "ChessBase"]
[SourceDate "2023.10.10"]
[SourceVersion "1"]
[SourceVersionDate "2023.10.10"]
[SourceQuality "1"]

1. d4 Nf6 2. Bf4 g6 3. e3 Bg7 4. Be2 0-0 5. h3 d6 6. Nf3 Nbd7 7. Nc3 b6 8. 0-0 Bb7 9. d5 Nc5 10. Rb1 c6 11. dxc6 Bxc6 12. Nd4 Bb7 13. Bg3 Rc8 14. Bf3 Nfe4 15. Nxe4 Nxe4 16. Bh2 Ba8 17. c3 Qd7 18. Be2 Rc5 19. f3 Nf6 20. e4 Bh6 21. Qd3 Qa4 22. a3 Rfc8 23. Bg3 Qd7 24. Rbd1 Nh5 25. Bh2 Nf4 26. Qc2 Rh5 27. Bxf4 Bxf4 28. Ba6 Rcc5 29. Ne2 Be3+ 30. Kh2 Qe6 31. Qd3 Bh6 32. Ng1 Bf4+ 33. g3 Be5 34. f4 Bf6 35. Rde1 Qb3 36. Re2 Qa4 37. e5 Qc6 38. Qf3 dxe5 39. Qxc6 Bxc6 40. fxe5 Rhxe5 41. Rxe5 Rxe5 42. Rf2 Re3 43. Ne2 Be5 44. Bc4 e6 45. h4 Re4 46. Rf4 Bxf4 47. Bd3 Bxg3+ 48. Nxg3 Rxh4+ 49. Kg1 Rh3 50. Kf2 Rh2+ 51. Ke3 Rxb2 0-1